| 000 | 00432cam a2200181 4500 | ||
|---|---|---|---|
| 001 | D13166 | ||
| 008 | 090401t1957 xxu||||| |||| 00| 0 eng d | ||
| 035 | _a(Sirsi) u8107 | ||
| 041 | _aeng | ||
| 100 | 1 | _aShelley, A. N. C. | |
| 245 | _aKnight`s annotated model byelaws Volume II | ||
| 250 | _a11th | ||
| 260 |
_aLondon _bCharles Knight and Co _c1957 |
||
| 350 | _a0 | ||
| 520 | _aShelf 117 | ||
| 942 | _n0 | ||
| 948 | _c04/03/1997 | ||
| 999 |
_c86482 _d86482 |
||